| 000 | 00561nam a2200193Ia 4500 | ||
|---|---|---|---|
| 003 | BUBTL | ||
| 008 | 151213s9999 xx 000 0 und d | ||
| 082 | _a828.709/ F948b/ 1966 | ||
| 100 |
_aFrye, Northrop _95104 |
||
| 245 |
_aBlake : a collection of critical essays / _cNorthrop Frye |
||
| 250 | _a1st Edn. | ||
| 260 |
_aCliffs N. J. Englewood _bPrintice Hall _cc1966 |
||
| 300 |
_a182p. : _b21 cm |
||
| 650 | _aEnglish | ||
| 700 |
_aNorthrop Frye _95105 |
||
| 856 |
_k0 _l0 _yDownload |
||
| 942 |
_2ddc _cBK |
||
| 999 |
_c1372 _d1372 |
||